[Event "Isla de La Palma Torneo Sub 2050"]
[Site "Isla de La Palma ESP"]
[Date "2005.06.04"]
[Round "2.1"]
[White "Orfali, Marcelo Rafael"]
[Black "Schmitt, Raul"]
[Result "1-0"]
[WhiteElo "2041"]
[BlackElo "1939"]
[PlyCount "142"]
[EventDate "2005.06.03"]
[EventType "swiss"]
[EventRounds "9"]
[EventCountry "ESP"]
[Source "lmi"]
[SourceDate "2005.06.11"]

1. e4 e6 2. d4 d5 3. Nd2 c5 4. c3 cxd4 5. cxd4 dxe4 6. Nxe4 Bb4+ 7. Nc3 Nf6 8.
Nf3 Nc6 9. Bd3 O-O 10. O-O b6 11. Bg5 Be7 12. Rc1 Bb7 13. a3 Rc8 14. b4 Rc7 15.
Ne2 a5 16. b5 Nb8 17. Ne5 Rxc1 18. Bxc1 Bd6 19. Bb2 Nbd7 20. Ng3 Qa8 21. f3
Nxe5 22. dxe5 Bc5+ 23. Kh1 Nd5 24. Bc1 Rd8 25. Qc2 h6 26. Ne4 Bd4 27. f4 Rc8
28. Qe2 Rxc1 29. Rxc1 Nxf4 30. Qf3 Nxd3 31. Qxd3 Bxe5 32. Nd6 Bxg2+ 33. Kg1
Bxd6 34. Qxd6 Bh3 35. Qc6 Qf8 36. Qc8 Bf5 37. Qxf8+ Kxf8 38. Rc6 Bd3 39. Rxb6
Ke7 40. Rb7+ Kd6 41. Kf2 Kc5 42. b6 Ba6 43. Rxf7 Kxb6 44. Rxg7 Bd3 45. Ke3 Bf5
46. Kd4 Kb5 47. Kc3 Ka4 48. Kb2 h5 49. Rc7 Kb5 50. Kb3 Bg4 51. a4+ Kb6 52. Rc1
Bf3 53. Kc4 Bc6 54. Re1 Bxa4 55. Rxe6+ Kc7 56. Re5 Bd1 57. Rxa5 Be2+ 58. Kd5
Kd7 59. Ra7+ Ke8 60. Ke6 Bg4+ 61. Kd6 Kf8 62. Re7 Bf5 63. Re3 Kf7 64. Ke5 Bg4
65. Kf4 Kf6 66. Ra3 Be6 67. Ra6 Kf7 68. Kg5 Bg4 69. Ra7+ Ke8 70. Kf6 Bf3 71. h3
Be2 1-0

[Event "Isla de La Palma Torneo Sub 2050"]
[Site "Isla de La Palma ESP"]
[Date "2005.06.04"]
[Round "2.2"]
[White "Iglesias Dominguez, Jacinto"]
[Black "Huerga Tirados, Angel"]
[Result "1/2-1/2"]
[WhiteElo "1934"]
[BlackElo "2040"]
[PlyCount "39"]
[EventDate "2005.06.03"]
[EventType "swiss"]
[EventRounds "9"]
[EventCountry "ESP"]
[Source "lmi"]
[SourceDate "2005.06.11"]

1. Nf3 c5 2. c4 Nc6 3. Nc3 g6 4. g3 Bg7 5. Bg2 Nf6 6. O-O O-O 7. e4 d6 8. d3
Bg4 9. h3 Bxf3 10. Qxf3 Nd4 11. Qd1 e5 12. Bg5 h6 13. Be3 Ne6 14. Qd2 Kh7 15.
Rab1 a5 16. a4 Rb8 17. Nb5 b6 18. b3 Ne8 19. Kh2 N8c7 20. Nc3 1/2-1/2

[Event "Isla de La Palma Torneo Sub 2050"]
[Site "Isla de La Palma ESP"]
[Date "2005.06.04"]
[Round "2.3"]
[White "Hernandez Leon, Alberto"]
[Black "Rodriguez Lorenzo, Yadira"]
[Result "1-0"]
[WhiteElo "2033"]
[BlackElo "1927"]
[PlyCount "41"]
[EventDate "2005.06.03"]
[EventType "swiss"]
[EventRounds "9"]
[EventCountry "ESP"]
[Source "lmi"]
[SourceDate "2005.06.11"]

1. e4 c5 2. Nf3 d6 3. d4 cxd4 4. Nxd4 Nf6 5. Nc3 a6 6. Be3 e5 7. Nb3 Be7 8. f3
b5 9. Nd5 Nbd7 10. Nxe7 Qxe7 11. Qd2 Bb7 12. Na5 Nc5 13. O-O-O Rd8 14. Bxc5
Bxe4 15. fxe4 Nxe4 16. Qe3 dxc5 17. Rxd8+ Qxd8 18. Qxe4 Qxa5 19. Qxe5+ Kf8 20.
Qxc5+ Ke8 21. Bc4 1-0

[Event "Isla de La Palma Torneo Sub 2050"]
[Site "Isla de La Palma ESP"]
[Date "2005.06.04"]
[Round "2.4"]
[White "Velasco Gomez, Esperanza"]
[Black "Cabrera Trujillo, Jorge Juan"]
[Result "0-1"]
[WhiteElo "1919"]
[BlackElo "2031"]
[PlyCount "69"]
[EventDate "2005.06.03"]
[EventType "swiss"]
[EventRounds "9"]
[EventCountry "ESP"]
[Source "lmi"]
[SourceDate "2005.06.11"]

1. e4 c5 2. Nf3 d6 3. d4 cxd4 4. Qxd4 a6 5. c4 Nf6 6. Nc3 Nc6 7. Qd1 g6 8. Be2
Bg7 9. Be3 Ng4 10. Bd2 O-O 11. O-O h6 12. Rb1 Nf6 13. h3 b6 14. Qc2 Nb4 15. Qc1
Kh7 16. a3 Nc6 17. Rd1 Bb7 18. Be3 Rc8 19. Qc2 Na5 20. b3 b5 21. Nd2 Qc7 22.
Rbc1 Nd7 23. Qb1 Qb8 24. Nd5 Bxd5 25. cxd5 Rxc1 26. Rxc1 Rc8 27. Rxc8 Qxc8 28.
Bg4 Nb7 29. b4 Nd8 30. Nb3 e6 31. Nd4 Ne5 32. Be2 exd5 33. exd5 Qc3 34. Qb3
Qa1+ 35. Kh2 0-1

[Event "Isla de La Palma Torneo Sub 2050"]
[Site "Isla de La Palma ESP"]
[Date "2005.06.06"]
[Round "2.5"]
[White "Machin Arbelo, Pedro Alexis"]
[Black "Cano Cornejo, Tomas"]
[Result "1-0"]
[WhiteElo "2029"]
[BlackElo "1917"]
[PlyCount "63"]
[EventDate "2005.06.03"]
[EventType "swiss"]
[EventRounds "9"]
[EventCountry "ESP"]
[Source "lmi"]
[SourceDate "2005.06.11"]

1. e4 c6 2. Nf3 d6 3. d4 Bg4 4. Bc4 e6 5. O-O Nf6 6. Re1 Be7 7. d5 cxd5 8. exd5
e5 9. Bd3 Nbd7 10. c4 Nc5 11. Be2 Bxf3 12. Bxf3 O-O 13. b4 Ncd7 14. c5 Ne8 15.
c6 bxc6 16. dxc6 Nb6 17. c7 Nxc7 18. Bxa8 Qxa8 19. a4 Nbd5 20. Qb3 Kh8 21. Nc3
f5 22. Rd1 Nf6 23. Bg5 h6 24. Bxf6 Rxf6 25. Nd5 Rg6 26. g3 Nxd5 27. Qxd5 Qf8
28. Rac1 f4 29. Rc7 fxg3 30. hxg3 Rf6 31. Rxa7 Qd8 32. Ra8 1-0

[Event "Isla de La Palma Torneo Sub 2050"]
[Site "Isla de La Palma ESP"]
[Date "2005.06.04"]
[Round "2.6"]
[White "Fernandez Garcia, Ignacio"]
[Black "Fernandez Martinez, Jose"]
[Result "1-0"]
[WhiteElo "2023"]
[BlackElo "1856"]
[PlyCount "101"]
[EventDate "2005.06.03"]
[EventType "swiss"]
[EventRounds "9"]
[EventCountry "ESP"]
[Source "lmi"]
[SourceDate "2005.06.11"]

1. e4 e5 2. Nf3 Nc6 3. Bc4 Bc5 4. Nc3 Nf6 5. d3 d6 6. h3 O-O 7. g4 Na5 8. Bg5
Nxc4 9. dxc4 Bb4 10. Bxf6 Bxc3+ 11. bxc3 Qxf6 12. Qd3 b6 13. a4 a5 14. Ke2 Ba6
15. Nd2 Bb7 16. Qg3 Rae8 17. h4 Qg6 18. f3 Qe6 19. h5 Ba6 20. h6 Bxc4+ 21. Kf2
g6 22. Rh5 Ba6 23. Rg1 Bc8 24. Nf1 Qf6 25. Ne3 gxh5 26. gxh5+ Kh8 27. Qg7+ Qxg7
28. hxg7+ Kg8 29. Nd5 f5 30. gxf8=Q+ Kxf8 31. Nxc7 Re7 32. Nb5 fxe4 33. Nxd6
Bd7 34. fxe4 Bxa4 35. Ke3 Bd7 36. Nc4 Re6 37. Rg5 Ba4 38. Rxe5 Rxe5 39. Nxe5
Be8 40. h6 b5 41. c4 b4 42. Kd2 Ke7 43. c5 Ke6 44. Nd3 Kf6 45. Kc1 Kg6 46. c6
Kxh6 47. c7 Bd7 48. Kb2 Kg7 49. e5 Kf7 50. c4 h5 51. Nf4 1-0

[Event "Isla de La Palma Torneo Sub 2050"]
[Site "Isla de La Palma ESP"]
[Date "2005.06.04"]
[Round "2.7"]
[White "Benito Alba, Eladio"]
[Black "Heimbacher, Peter"]
[Result "1/2-1/2"]
[WhiteElo "1912"]
[BlackElo "2023"]
[PlyCount "40"]
[EventDate "2005.06.03"]
[EventType "swiss"]
[EventRounds "9"]
[EventCountry "ESP"]
[Source "lmi"]
[SourceDate "2005.06.11"]

1. d4 e6 2. c4 b6 3. Nf3 Bb7 4. g3 Nf6 5. Bg2 d5 6. cxd5 Nxd5 7. O-O Be7 8.
Nbd2 c5 9. dxc5 Bxc5 10. Nb3 Nd7 11. Nxc5 Nxc5 12. Qd4 O-O 13. b4 Nd7 14. Bb2
f6 15. e4 Nc7 16. Rfd1 Rf7 17. Rac1 Ne8 18. e5 Bxf3 19. Bxf3 fxe5 20. Qe3 Rc8
1/2-1/2

[Event "Isla de La Palma Torneo Sub 2050"]
[Site "Isla de La Palma ESP"]
[Date "2005.06.04"]
[Round "2.8"]
[White "Vela Ignacio, Jose Manuel"]
[Black "Hernandez Leon, Sergio"]
[Result "1-0"]
[WhiteElo "2023"]
[BlackElo "1811"]
[PlyCount "59"]
[EventDate "2005.06.03"]
[EventType "swiss"]
[EventRounds "9"]
[EventCountry "ESP"]
[Source "lmi"]
[SourceDate "2005.06.11"]

1. e4 c5 2. Nf3 d6 3. c3 Nf6 4. h3 Nbd7 5. Bd3 g6 6. a4 Qc7 7. Na3 a6 8. Qe2
Bg7 9. Bc2 O-O 10. d3 b6 11. h4 h5 12. Bf4 e5 13. Bg5 Nh7 14. Bb3 Ndf6 15. Nc2
Bg4 16. Ne3 Qd7 17. Nxg4 Qxg4 18. Kd2 b5 19. g3 Rab8 20. Kc2 Nxg5 21. hxg5 Nh7
22. Qe3 b4 23. Rh4 Qd7 24. g4 bxc3 25. bxc3 hxg4 26. Nd2 Qe7 27. Rah1 Nxg5 28.
Qg3 Bf6 29. Qh2 Nh3 30. Rxg4 1-0

[Event "Isla de La Palma Torneo Sub 2050"]
[Site "Isla de La Palma ESP"]
[Date "2005.06.04"]
[Round "2.9"]
[White "Diaz Begonte, Manuel"]
[Black "Ortiz Perez, Hector"]
[Result "0-1"]
[WhiteElo "1860"]
[BlackElo "2017"]
[PlyCount "70"]
[EventDate "2005.06.03"]
[EventType "swiss"]
[EventRounds "9"]
[EventCountry "ESP"]
[Source "lmi"]
[SourceDate "2005.06.11"]

1. d4 g6 2. e4 Bg7 3. c4 d6 4. Nc3 e5 5. d5 Ne7 6. Bd3 O-O 7. Nge2 f5 8. Bg5 h6
9. Bxe7 Qxe7 10. O-O f4 11. f3 g5 12. Kh1 h5 13. Ng1 g4 14. fxg4 hxg4 15. Qe1
Qg5 16. b4 Rf6 17. g3 f3 18. c5 a5 19. cxd6 cxd6 20. b5 Nd7 21. Rf2 Nc5 22. Bf1
Bd7 23. b6 Rc8 24. Nb5 Na6 25. Qxa5 Qe3 26. Qd2 Qxb6 27. a4 Bh6 28. Qa2 Be3 29.
Rc2 Rxc2 30. Qxc2 Bxg1 31. Nxd6 Rxd6 32. Bxa6 Bd4 33. Bb5 Bxa1 34. Bxd7 Rxd7
35. Qc8+ Qd8 0-1

[Event "Isla de La Palma Torneo Sub 2050"]
[Site "Isla de La Palma ESP"]
[Date "2005.06.05"]
[Round "3.1"]
[White "Lu Lee, Nicolas"]
[Black "Orfali, Marcelo Rafael"]
[Result "1/2-1/2"]
[WhiteElo "1967"]
[BlackElo "2041"]
[PlyCount "29"]
[EventDate "2005.06.03"]
[EventType "swiss"]
[EventRounds "9"]
[EventCountry "ESP"]
[Source "lmi"]
[SourceDate "2005.06.11"]

1. e4 d5 2. exd5 Nf6 3. d4 Bg4 4. f3 Bf5 5. Bb5+ c6 6. dxc6 bxc6 7. Bc4 e6 8.
Ne2 Nbd7 9. O-O Qb6 10. Kh1 Rd8 11. b3 Bd6 12. Bf4 Bxf4 13. Nxf4 Ne5 14. c3 c5
15. Qe2 1/2-1/2

[Event "Isla de La Palma Torneo Sub 2050"]
[Site "Isla de La Palma ESP"]
[Date "2005.06.05"]
[Round "3.2"]
[White "Hernandez Rios, Ivan"]
[Black "Hernandez Leon, Alberto"]
[Result "1/2-1/2"]
[WhiteElo "1962"]
[BlackElo "2033"]
[PlyCount "87"]
[EventDate "2005.06.03"]
[EventType "swiss"]
[EventRounds "9"]
[EventCountry "ESP"]
[Source "lmi"]
[SourceDate "2005.06.11"]

1. e4 c5 2. Nf3 d6 3. d4 cxd4 4. Nxd4 Nf6 5. Nc3 a6 6. Be3 e5 7. Nb3 Be6 8. f3
Be7 9. Qd2 Nbd7 10. O-O-O b5 11. g4 Nb6 12. Bxb6 Qxb6 13. h4 Rc8 14. Kb1 b4 15.
Nd5 Bxd5 16. exd5 Nd7 17. g5 Nc5 18. Bh3 Rb8 19. Nxc5 Qxc5 20. f4 O-O 21. Bd7
Rfd8 22. Bc6 f6 23. Rdg1 a5 24. f5 Kh8 25. gxf6 Bxf6 26. h5 h6 27. Rg6 Kh7 28.
Qg2 Rg8 29. Bd7 Qd4 30. Rg4 e4 31. Kc1 Qxb2+ 32. Kd1 Qd4+ 33. Qd2 Qa1+ 34. Qc1
Qxa2 35. Be6 Rgd8 36. Rhg1 b3 37. Rxg7+ Bxg7 38. Rxg7+ Kxg7 39. f6+ Kh7 40.
Bf5+ Kg8 41. Be6+ Kh7 42. Bf5+ Kg8 43. Be6+ Kh7 44. Bf5+ 1/2-1/2

[Event "Isla de La Palma Torneo Sub 2050"]
[Site "Isla de La Palma ESP"]
[Date "2005.06.05"]
[Round "3.3"]
[White "Cabrera Trujillo, Jorge Juan"]
[Black "Gonzalo Gonzalez, Francisco"]
[Result "0-1"]
[WhiteElo "2031"]
[BlackElo "1947"]
[PlyCount "75"]
[EventDate "2005.06.03"]
[EventType "swiss"]
[EventRounds "9"]
[EventCountry "ESP"]
[Source "lmi"]
[SourceDate "2005.06.11"]

1. e4 c5 2. Nf3 Nc6 3. d4 cxd4 4. Nxd4 d6 5. Nc3 g6 6. Be3 Bg7 7. Qd2 Nf6 8. f3
a6 9. O-O-O Nxd4 10. Bxd4 Be6 11. g4 Qa5 12. Kb1 Rc8 13. h4 O-O 14. a3 b5 15.
Nd5 Qd8 16. Nxf6+ exf6 17. Bc3 Rc6 18. h5 g5 19. Be2 h6 20. f4 Qe7 21. Bf3 Rfc8
22. f5 Bd7 23. Rhe1 Rxc3 24. bxc3 Bf8 25. Re3 Rc4 26. Rd3 Ra4 27. Rd5 Rxa3 28.
Kb2 b4 29. Qd4 Rxc3 30. Rd3 Rxd3 31. cxd3 Bc6 32. Rxd6 Qxd6 33. Qxd6 Bxd6 34.
Kb3 a5 35. Bd1 a4+ 36. Ka2 Bb5 37. Kb2 Bxd3 38. Bf3 0-1

[Event "Isla de La Palma Torneo Sub 2050"]
[Site "Isla de La Palma ESP"]
[Date "2005.06.05"]
[Round "3.4"]
[White "Navarro Coloma, Antonio"]
[Black "Machin Arbelo, Pedro Alexis"]
[Result "0-1"]
[WhiteElo "1961"]
[BlackElo "2029"]
[PlyCount "98"]
[EventDate "2005.06.03"]
[EventType "swiss"]
[EventRounds "9"]
[EventCountry "ESP"]
[Source "lmi"]
[SourceDate "2005.06.11"]

1. d4 Nf6 2. Nf3 e6 3. Bf4 c5 4. e3 cxd4 5. exd4 Qb6 6. Qc1 Nc6 7. c3 d6 8.
Nbd2 Be7 9. Bd3 O-O 10. O-O Bd7 11. h3 Rac8 12. a3 a5 13. a4 Nb4 14. Be2 Nbd5
15. Bh2 Bc6 16. Bd3 Qc7 17. Qc2 Nb6 18. Qb3 Nfd7 19. Bb5 e5 20. Bxc6 bxc6 21.
dxe5 dxe5 22. Rfe1 Bf6 23. Ne4 Rb8 24. Nxf6+ gxf6 25. Qc2 Nd5 26. Qf5 Rxb2 27.
Rad1 Qa7 28. Bg3 N7b6 29. Re4 Qd7 30. Qh5 Nf4 31. Nxe5 Nxh5 32. Nxd7 Nxd7 33.
Rxd7 f5 34. Re5 Nxg3 35. fxg3 Rc2 36. Rxa5 Rxc3 37. Rxf5 Kg7 38. g4 Ra3 39. Ra7
Kg6 40. Rc5 Rc8 41. Ra6 f6 42. a5 Ra2 43. Ra7 Rd8 44. Rxc6 Rdd2 45. Rcc7 Rxg2+
46. Kf1 Kg5 47. Rc5+ Kf4 48. Rc4+ Kg3 49. Rc3+ Kh2 0-1

[Event "Isla de La Palma Torneo Sub 2050"]
[Site "Isla de La Palma ESP"]
[Date "2005.06.05"]
[Round "3.5"]
[White "Campos Calvo, Sotelo Juan"]
[Black "Fernandez Garcia, Ignacio"]
[Result "0-1"]
[WhiteElo "1949"]
[BlackElo "2023"]
[PlyCount "62"]
[EventDate "2005.06.03"]
[EventType "swiss"]
[EventRounds "9"]
[EventCountry "ESP"]
[Source "lmi"]
[SourceDate "2005.06.11"]

1. b4 e5 2. a3 d5 3. e3 Nf6 4. c4 a5 5. b5 c6 6. Bb2 d4 7. Nf3 Bg4 8. h3 Bxf3
9. Qxf3 Bc5 10. Qg3 O-O 11. Qxe5 Nbd7 12. Qg5 Re8 13. Be2 h6 14. Qh4 Ne5 15.
O-O Ng6 16. Qg3 Bd6 17. f4 Ne4 18. Qe1 dxe3 19. dxe3 Bc5 20. Bf3 Nxf4 21. Bxe4
Rxe4 22. Rxf4 Rxe3 23. Qf1 Re1+ 24. Kh2 Rxf1 25. Rxf1 Qd3 26. Nc3 Bd6+ 27. Kh1
Qg3 28. Kg1 Qh2+ 29. Kf2 Re8 30. Na4 Qg3+ 31. Kg1 Re2 0-1

[Event "Isla de La Palma Torneo Sub 2050"]
[Site "Isla de La Palma ESP"]
[Date "2005.06.09"]
[Round "3.6"]
[White "Garcia Rodriguez, Vanessa"]
[Black "Schmitt, Raul"]
[Result "0-1"]
[WhiteElo "2028"]
[BlackElo "1939"]
[PlyCount "54"]
[EventDate "2005.06.03"]
[EventType "swiss"]
[EventRounds "9"]
[EventCountry "ESP"]
[Source "lmi"]
[SourceDate "2005.06.11"]

1. e4 e6 2. d4 d5 3. Nd2 Nf6 4. e5 Nfd7 5. Bd3 c5 6. c3 Nc6 7. Ne2 cxd4 8. cxd4
f6 9. exf6 Nxf6 10. O-O Bd6 11. Nf3 O-O 12. Bf4 Bxf4 13. Nxf4 Qd6 14. g3 Bd7
15. Re1 Nxd4 16. Nxd4 e5 17. Nxd5 Qxd5 18. Nf5 Kh8 19. Qe2 e4 20. Bxe4 Nxe4 21.
Ne7 Qf7 22. Qxe4 Qxf2+ 23. Kh1 Rae8 24. Qxb7 Bg4 25. Rf1 Qxf1+ 26. Rxf1 Rxf1+
27. Kg2 Bf3+ 0-1

[Event "Isla de La Palma Torneo Sub 2050"]
[Site "Isla de La Palma ESP"]
[Date "2005.06.05"]
[Round "3.8"]
[White "Huerga Tirados, Angel"]
[Black "Benito Alba, Eladio"]
[Result "1/2-1/2"]
[WhiteElo "2040"]
[BlackElo "1912"]
[PlyCount "37"]
[EventDate "2005.06.03"]
[EventType "swiss"]
[EventRounds "9"]
[EventCountry "ESP"]
[Source "lmi"]
[SourceDate "2005.06.11"]

1. d4 Nf6 2. c4 c5 3. d5 e6 4. Nc3 exd5 5. cxd5 d6 6. e4 g6 7. Bd3 Bg7 8. Nge2
O-O 9. O-O Qc7 10. Qb3 Nbd7 11. f4 Re8 12. Ng3 b6 13. h3 h5 14. Bd2 h4 15. Nge2
c4 16. Qxc4 Qxc4 17. Bxc4 Nxe4 18. Nxe4 Rxe4 19. Rfc1 1/2-1/2

[Event "Isla de La Palma Torneo Sub 2050"]
[Site "Isla de La Palma ESP"]
[Date "2005.06.05"]
[Round "3.9"]
[White "Heimbacher, Peter"]
[Black "Iglesias Dominguez, Jacinto"]
[Result "1-0"]
[WhiteElo "2023"]
[BlackElo "1934"]
[PlyCount "63"]
[EventDate "2005.06.03"]
[EventType "swiss"]
[EventRounds "9"]
[EventCountry "ESP"]
[Source "lmi"]
[SourceDate "2005.06.11"]

1. e4 c5 2. d4 cxd4 3. c3 dxc3 4. Nxc3 d6 5. Bc4 e6 6. Nf3 Nc6 7. O-O Nf6 8.
Bf4 e5 9. Bg3 Be6 10. Bxe6 fxe6 11. Qb3 Qc8 12. Ng5 Nd4 13. Qd1 h6 14. Nf3
Nxf3+ 15. gxf3 Be7 16. Rc1 Qd7 17. f4 exf4 18. Bxf4 e5 19. Bg3 O-O 20. Nd5 Nxd5
21. Qxd5+ Kh8 22. Bxe5 Qg4+ 23. Bg3 h5 24. e5 dxe5 25. Rc4 Qf5 26. Qxb7 Bf6 27.
Qe4 Qg5 28. h4 Qd2 29. Qf5 Qxb2 30. Qxh5+ Kg8 31. Qg4 Qxa2 32. Rc7 1-0

[Event "Isla de La Palma Torneo Sub 2050"]
[Site "Isla de La Palma ESP"]
[Date "2005.06.05"]
[Round "3.10"]
[White "Peña Hernandez, Tamara"]
[Black "Alonso Contreras, Mario Elias"]
[Result "0-1"]
[WhiteElo "1811"]
[BlackElo "2003"]
[PlyCount "78"]
[EventDate "2005.06.03"]
[EventType "swiss"]
[EventRounds "9"]
[EventCountry "ESP"]
[Source "lmi"]
[SourceDate "2005.06.11"]

1. e4 c5 2. Nf3 Nc6 3. d4 cxd4 4. Nxd4 Nf6 5. Nc3 e5 6. Nb3 Bb4 7. Bd3 d5 8.
exd5 Nxd5 9. Bd2 Nxc3 10. bxc3 Be7 11. O-O Be6 12. f4 exf4 13. Bxf4 Bf6 14. Qd2
O-O 15. Nc5 Bd5 16. Rfd1 b6 17. Nb7 Qd7 18. Nd6 Ne7 19. Bb5 Qg4 20. Bg3 Bc6 21.
Rab1 Bxb5 22. Rb4 Bxc3 23. Rxg4 Bxd2 24. Nxb5 Rad8 25. Kf1 Nd5 26. Bf2 Nc3 27.
Nxc3 Bxc3 28. Bd4 Bxd4 29. Rgxd4 Rxd4 30. Rxd4 g6 31. Ke2 Rc8 32. Kd3 Rc5 33.
Rd7 Ra5 34. Kc3 Rxa2 35. Kb3 Ra5 36. c4 Kg7 37. Rd2 Kf6 38. Rb2 Rh5 39. h3 b5
0-1

[Event "Isla de La Palma Torneo Sub 2050"]
[Site "Isla de La Palma ESP"]
[Date "2005.06.06"]
[Round "4.1"]
[White "Machin Arbelo, Pedro Alexis"]
[Black "Vela Ignacio, Jose Manuel"]
[Result "1-0"]
[WhiteElo "2029"]
[BlackElo "2023"]
[PlyCount "77"]
[EventDate "2005.06.03"]
[EventType "swiss"]
[EventRounds "9"]
[EventCountry "ESP"]
[Source "lmi"]
[SourceDate "2005.06.11"]

1. e4 c5 2. Nf3 Nc6 3. c3 d5 4. exd5 Qxd5 5. d4 Bg4 6. Be2 e6 7. Na3 Nf6 8. O-O
Be7 9. Bf4 Qe4 10. Be5 cxd4 11. Bxf6 Bxf6 12. Nxd4 Bxe2 13. Nxe2 Rd8 14. Ng3
Rxd1 15. Nxe4 Rxf1+ 16. Kxf1 Ke7 17. Nc4 Rd8 18. Ke2 Ne5 19. Na5 b6 20. Nb3 Nd3
21. Rb1 Nf4+ 22. Kf1 Be5 23. h3 Nd3 24. Ke2 f5 25. Ng5 h6 26. Nf3 Rd6 27. Rd1
Nxb2 28. Rxd6 Kxd6 29. Nxe5 Kxe5 30. Nd4 a5 31. Nc6+ Kd5 32. Ne7+ Kc4 33. Nc8
Kc5 34. Ne7 b5 35. Kd2 Nc4+ 36. Ke2 b4 37. cxb4+ axb4 38. Kd3 Ne5+ 39. Kc2 1-0

[Event "Isla de La Palma Torneo Sub 2050"]
[Site "Isla de La Palma ESP"]
[Date "2005.06.08"]
[Round "4.2"]
[White "Fernandez Garcia, Ignacio"]
[Black "Ortiz Perez, Hector"]
[Result "1-0"]
[WhiteElo "2023"]
[BlackElo "2017"]
[PlyCount "45"]
[EventDate "2005.06.03"]
[EventType "swiss"]
[EventRounds "9"]
[EventCountry "ESP"]
[Source "lmi"]
[SourceDate "2005.06.11"]

1. e4 e5 2. Nf3 Nc6 3. Nc3 Nf6 4. Bc4 Bc5 5. d3 h6 6. Be3 Bb6 7. h3 d6 8. Qe2
Ne7 9. g4 c6 10. g5 hxg5 11. Nxg5 d5 12. exd5 cxd5 13. Bxb6 Qxb6 14. Bb3 Qd6
15. O-O-O Ng6 16. Rde1 Bd7 17. f4 Nxf4 18. Qxe5+ Qxe5 19. Rxe5+ Kf8 20. Rf1 Ng6
21. Rxd5 Nxd5 22. Rxf7+ Ke8 23. Nxd5 1-0

[Event "Isla de La Palma Torneo Sub 2050"]
[Site "Isla de La Palma ESP"]
[Date "2005.06.08"]
[Round "4.3"]
[White "Gonzalo Gonzalez, Francisco"]
[Black "Heimbacher, Peter"]
[Result "1-0"]
[WhiteElo "1947"]
[BlackElo "2023"]
[PlyCount "61"]
[EventDate "2005.06.03"]
[EventType "swiss"]
[EventRounds "9"]
[EventCountry "ESP"]
[Source "lmi"]
[SourceDate "2005.06.11"]

1. e4 c5 2. Nf3 Nc6 3. Bc4 d6 4. c3 Bg4 5. Bxf7+ Kxf7 6. Ng5+ Ke8 7. Qxg4 Nh6
8. Qg3 Qd7 9. h3 Kd8 10. d3 e6 11. f4 Be7 12. Na3 Kc7 13. Nb5+ Kb6 14. a4 Bxg5
15. Qxg5 Nf7 16. Qg3 h6 17. c4 g5 18. fxg5 hxg5 19. Bxg5 Rag8 20. d4 Rxg5 21.
dxc5+ Rxc5 22. O-O a6 23. a5+ Nxa5 24. b4 Rxc4 25. bxa5+ Kxb5 26. Qg7 Rc7 27.
Qb2+ Kc4 28. Rac1+ Kd3 29. Rcd1+ Kc4 30. Rd4+ Kc5 31. Rc1# 1-0

[Event "Isla de La Palma Torneo Sub 2050"]
[Site "Isla de La Palma ESP"]
[Date "2005.06.08"]
[Round "4.4"]
[White "Orfali, Marcelo Rafael"]
[Black "Hernandez Rios, Ivan"]
[Result "1/2-1/2"]
[WhiteElo "2041"]
[BlackElo "1962"]
[PlyCount "114"]
[EventDate "2005.06.03"]
[EventType "swiss"]
[EventRounds "9"]
[EventCountry "ESP"]
[Source "lmi"]
[SourceDate "2005.06.11"]

1. e4 e5 2. Nc3 Nf6 3. f4 d6 4. Nf3 Nbd7 5. d4 exd4 6. Qxd4 Nc5 7. Bc4 Be7 8.
b4 Ne6 9. Qd3 c6 10. Be3 O-O 11. h3 Nc7 12. e5 dxe5 13. Qxd8 Rxd8 14. Nxe5 Nfd5
15. Bxd5 cxd5 16. Bc5 Bxc5 17. bxc5 d4 18. Ne2 Bf5 19. O-O-O Ne6 20. Ng3 g6 21.
c6 bxc6 22. Nxc6 Rd7 23. Nxf5 gxf5 24. g3 Rc8 25. Ne5 Rdc7 26. Rh2 Rc3 27. Rd3
f6 28. Rxc3 Rxc3 29. Nd3 Kf7 30. Re2 Nc7 31. g4 Nd5 32. gxf5 Ne3 33. Kb2 Nxf5
34. Re4 Rc8 35. a3 Rg8 36. Nb4 Rg2 37. Kb1 Rg3 38. Nc6 Rxh3 39. Nxd4 Nxd4 40.
Rxd4 Rxa3 41. f5 Kg7 42. c4 Ra5 43. Kb2 Rxf5 44. Rd7+ Kg6 45. Rxa7 h5 46. Kc3
h4 47. Kd4 Rh5 48. c5 h3 49. Ra1 h2 50. Rh1 Kf7 51. Kc4 Ke6 52. Kb5 Kd7 53. Kb6
Kc8 54. c6 Kd8 55. c7+ Kc8 56. Ra1 h1=Q 57. Ra8+ Qxa8 1/2-1/2

[Event "Isla de La Palma Torneo Sub 2050"]
[Site "Isla de La Palma ESP"]
[Date "2005.06.06"]
[Round "4.5"]
[White "Hernandez Leon, Alberto"]
[Black "Lu Lee, Nicolas"]
[Result "0-1"]
[WhiteElo "2033"]
[BlackElo "1967"]
[PlyCount "62"]
[EventDate "2005.06.03"]
[EventType "swiss"]
[EventRounds "9"]
[EventCountry "ESP"]
[Source "lmi"]
[SourceDate "2005.06.11"]

1. e4 e5 2. Nf3 Nc6 3. d4 exd4 4. Nxd4 Bc5 5. Be3 Qf6 6. c3 Nge7 7. Bc4 Ne5 8.
Be2 Qg6 9. O-O d6 10. f3 O-O 11. Nd2 Bb6 12. Nc2 d5 13. f4 Ng4 14. Bxb6 Qxb6+
15. Kh1 Nf2+ 16. Rxf2 Qxf2 17. exd5 Qxf4 18. Nf3 Bf5 19. c4 Rfd8 20. Ncd4 c6
21. Qb3 Rd7 22. Nxf5 Qxf5 23. Bd3 Qf6 24. Re1 Ng6 25. Be4 Re8 26. dxc6 bxc6 27.
g3 Rde7 28. Nd2 Rxe4 29. Nxe4 Rxe4 30. Rd1 Re8 31. Qa3 Qf2 0-1

[Event "Isla de La Palma Torneo Sub 2050"]
[Site "Isla de La Palma ESP"]
[Date "2005.06.06"]
[Round "4.8"]
[White "Medina Rueda, Luis Enrique"]
[Black "Huerga Tirados, Angel"]
[Result "1/2-1/2"]
[WhiteElo "1880"]
[BlackElo "2040"]
[PlyCount "45"]
[EventDate "2005.06.03"]
[EventType "swiss"]
[EventRounds "9"]
[EventCountry "ESP"]
[Source "lmi"]
[SourceDate "2005.06.11"]

1. e4 c5 2. Nf3 Nc6 3. d4 cxd4 4. Nxd4 g6 5. Nc3 Bg7 6. Nxc6 bxc6 7. Bd3 d6 8.
O-O Nf6 9. Be3 O-O 10. f4 Ng4 11. Qe2 Nxe3 12. Qxe3 Qb6 13. Qxb6 axb6 14. f5
Ba6 15. g4 Bxd3 16. cxd3 b5 17. g5 b4 18. f6 exf6 19. gxf6 bxc3 20. fxg7 Kxg7
21. bxc3 Ra3 22. Rfc1 Rfa8 23. Rc2 1/2-1/2

[Event "Isla de La Palma Torneo Sub 2050"]
[Site "Isla de La Palma ESP"]
[Date "2005.06.06"]
[Round "4.9"]
[White "Diaz Begonte, Manuel"]
[Black "Cabrera Trujillo, Jorge Juan"]
[Result "0-1"]
[WhiteElo "1860"]
[BlackElo "2031"]
[PlyCount "41"]
[EventDate "2005.06.03"]
[EventType "swiss"]
[EventRounds "9"]
[EventCountry "ESP"]
[Source "lmi"]
[SourceDate "2005.06.11"]

1. d4 Nf6 2. c4 g6 3. Nc3 Bg7 4. e4 d6 5. f4 c5 6. d5 Na6 7. a3 O-O 8. Nf3 e6
9. Be2 exd5 10. exd5 Nc7 11. O-O a6 12. Qc2 Rb8 13. a4 b5 14. axb5 axb5 15.
cxb5 Nfxd5 16. Ra3 Be6 17. Rd1 Nxc3 18. bxc3 Nxb5 19. Bxb5 Rxb5 20. Ra6 Bb3 21.
Qe2 0-1